000 00504nam a2200229Ia 4500
001 094636
003 YMCAF
005 20230512161937.0
008 100717s2007 ||||||||||||||||| ||und|d
024 _a94636
035 _a34094
040 _aYMCAF
_beng
_cIN-KoLT
041 _aeng
082 _a004.16
_bRAY
100 _aRay, A K
245 0 _aAdvanced microprocessors and peripherals
250 _a2nd
260 _bTMH
_c2007
300 _a725
653 _aBhurchandi, K M
942 _2ddc
_cBK
999 _c9980
_d9980